000 004740000a22001930004500
003 MACL
005 20151206154458.0
008 151206b xxu||||| |||| 00| 0 eng d
040 _aMACL
_cMACL
041 _aEnglish
082 _a741.642
100 _aSoni, P J
_919627
245 _aEasy -Going Elephant
260 _aAhmedabad
_bSonal Anada
_c2007
350 _a60/-
650 _aChildren's book
_919628
690 _aChildrens Book
942 _cBK
_k741.642 SON
_2ddc
999 _c44626
_d44626